[Event "Junior Online 4NCL Division 4"]
[Site "online"]
[Date "2021.04.01"]
[EventDate "2021.04.01"]
[Round "6.165"]
[White "Bengani, Arihant"]
[WhiteElo "1105"]
[WhiteTeam "Edgware Gambits G"]
[Black "Toth, Nandor"]
[BlackElo "1264"]
[BlackTeam "St James Primary"]
[Result "0-1"]
[PlyCount "66"]

1. e4 e5 2. Nf3 Nc6 3. Bc4 Nf6 4. Ng5 Bc5 5. Nxf7 Bxf2+ 6. Kf1 Qe7 7. Nxh8 Nxe4 8. d3 Qf6 9. Qf3 Nd4 10. Qxf6 Nxf6 11. Kxf2 d5 12. Bb3 Ng4+ 13. Kf1 Be6 14. Bg5 h6 15. Bh4 g5 16. Bg3 O-O-O 17. Ng6 Kb8 18. Nxe5 Rf8+ 19. Ke1 Re8 20. Nxg4 Bxg4+ 21. Kd2 Re2+ 22. Kc3 Nb5+ 23. Kb4 a6 24. Rf1 b6 25. Rf8+ Bc8 26. Bxd5 Rxc2 27. Ba8 Rxb2+ 28. Kc4 Rc2+ 29. Kb3 Nd4+ 30. Kb4 a5+ 31. Ka4 Rb2 32. Nc3 Nc2 33. Raf1 Rb4# 0-1

[Event "Junior Online 4NCL Division 4"]
[Site "online"]
[Date "2021.04.01"]
[EventDate "2021.04.01"]
[Round "6.166"]
[White "Crichton, Finlay"]
[WhiteElo "1116"]
[WhiteTeam "St James Primary"]
[Black "Tager, Maya"]
[BlackElo "1037"]
[BlackTeam "Edgware Gambits G"]
[Result "1/2-1/2"]
[PlyCount "57"]

1. e4 e5 2. Nf3 Nc6 3. Nc3 Nf6 4. Bc4 Nxe4 5. Nxe4 d5 6. Bd3 dxe4 7. Bxe4 Bd7 8. d3 Be7 9. Be3 O-O 10. d4 exd4 11. Nxd4 Nxd4 12. Bxd4 Bf6 13. Qh5 g6 14. Qd1 Re8 15. f3 Bf5 16. Bxf6 Qxf6 17. Qd3 Qxb2 18. O-O Qb6+ 19. Kh1 Bxe4 20. fxe4 Qc6 21. Rae1 Qa4 22. Qb3 Qc6 23. Qxf7+ Kh8 24. Qf3 Qxc2 25. Qf6+ Kg8 26. Qf7+ Kh8 27. Qf6+ Kg8 28. Qf7+ Kh8 29. Qf6+ 1/2-1/2

[Event "Junior Online 4NCL Division 4"]
[Site "online"]
[Date "2021.04.01"]
[EventDate "2021.04.01"]
[Round "6.167"]
[White "Dhaliwal, Simrun Kaur"]
[WhiteElo "1028"]
[WhiteTeam "Edgware Gambits G"]
[Black "Harle Smith, Joseph"]
[BlackElo "1032"]
[BlackTeam "St James Primary"]
[Result "1/2-1/2"]
[PlyCount "91"]

1. e4 e5 2. Nf3 Nc6 3. Nc3 Nf6 4. Bb5 a6 5. Bxc6 dxc6 6. Nxe5 Qe7 7. Nf3 Nxe4 8. Qe2 Bf5 9. d3 O-O-O 10. Bg5 f6 11. Bf4 Re8 12. O-O Nxc3 13. Qxe7 Bxe7 14. bxc3 Bg4 15. h3 Bxf3 16. gxf3 Bd6 17. Bxd6 cxd6 18. Rfe1 Rxe1+ 19. Rxe1 g5 20. c4 d5 21. c5 Kd7 22. Kg2 Re8 23. Kf1 Rxe1+ 24. Kxe1 Ke6 25. Ke2 Ke5 26. Ke3 d4+ 27. Kd2 Kd5 28. c3 Kxc5 29. cxd4+ Kxd4 30. Ke2 Kc3 31. Ke3 Kb2 32. Ke4 Kxa2 33. Kf5 Kb3 34. Kxf6 Kc3 35. Kxg5 Kxd3 36. Kh6 Ke2 37. f4 a5 38. f5 a4 39. f6 a3 40. f7 a2 41. f8=Q a1=Q 42. Qe8+ Kxf2 43. Qf7+ Kg3 44. Qc7+ Kxh3 45. Qd7+ Kh4 46. Qd8+ 1/2-1/2

[Event "Junior Online 4NCL Division 4"]
[Site "online"]
[Date "2021.04.01"]
[EventDate "2021.04.01"]
[Round "6.168"]
[White "Tang, Ismini"]
[WhiteElo "866"]
[WhiteTeam "St James Primary"]
[Black "Datta, Ishan"]
[BlackElo "1063"]
[BlackTeam "Edgware Gambits G"]
[Result "1-0"]
[PlyCount "65"]

1. e4 c6 2. Nf3 d5 3. Nc3 dxe4 4. Nxe4 Bf5 5. Ng3 Bg4 6. Be2 e6 7. d3 Bb4+ 8. Bd2 Qa5 9. c3 Bc5 10. b4 Qb6 11. bxc5 Qxc5 12. d4 Qb6 13. Ne5 Nf6 14. Bxg4 O-O 15. O-O Qb2 16. Re1 Nbd7 17. Nxd7 Nxd7 18. Re2 Nf6 19. Bf3 Rae8 20. Qc1 Qb5 21. Ne4 Nxe4 22. Rxe4 Qd3 23. Re3 Qg6 24. Be4 Qf6 25. Rf3 Qd8 26. Rb1 Qb8 27. Qc2 e5 28. Bxh7+ Kh8 29. Rh3 exd4 30. cxd4 Re6 31. Bg8+ Rh6 32. Rxh6+ gxh6 33. Qh7# 1-0

[Event "Junior Online 4NCL Division 4"]
[Site "online"]
[Date "2021.04.15"]
[EventDate "2021.04.15"]
[Round "7.11"]
[White "Eccleston, Bryony"]
[WhiteElo "1332"]
[WhiteTeam "Manchester Juniors D"]
[Black "Gardner, Kai"]
[BlackElo "1487"]
[BlackTeam "Barnet Knights C"]
[Result "0-1"]
[PlyCount "76"]

1. d4 d5 2. Bf4 Bf5 3. e3 e6 4. Bd3 Bg6 5. c3 Nf6 6. Nf3 Bd6 7. Ne5 Nbd7 8. Nxg6 hxg6 9. Bxd6 cxd6 10. Nd2 Qe7 11. Qb3 b6 12. Bb5 a6 13. Bc6 Rc8 14. Bb7 Rb8 15. Bxa6 O-O 16. h4 e5 17. Nf3 Rfe8 18. O-O-O Ne4 19. Rhf1 Ndf6 20. Bd3 Ra8 21. Kb1 b5 22. Qc2 Reb8 23. Ng5 b4 24. Nxe4 dxe4 25. Bxe4 Ra7 26. c4 b3 27. axb3 Rc8 28. Kc1 d5 29. Bd3 dxc4 30. bxc4 Qb4 31. Kb1 Rca8 32. Kc1 Ra1+ 33. Qb1 Rxb1+ 34. Bxb1 Qxc4+ 35. Bc2 Ne4 36. Kb1 Qa2+ 37. Kc1 Qa1+ 38. Bb1 Rc8# 0-1

[Event "Junior Online 4NCL Division 4"]
[Site "online"]
[Date "2021.04.15"]
[EventDate "2021.04.15"]
[Round "7.12"]
[White "Zholnin, Ivan"]
[WhiteElo "1420"]
[WhiteTeam "Barnet Knights C"]
[Black "Fairclough, William"]
[BlackElo "1343"]
[BlackTeam "Manchester Juniors D"]
[Result "1-0"]
[PlyCount "113"]

1. e4 e5 2. Nf3 Nc6 3. Bc4 Nf6 4. Ng5 d5 5. exd5 Na5 6. Bb5+ c6 7. dxc6 bxc6 8. Bd3 h6 9. Ne4 Nxe4 10. Bxe4 Bc5 11. a3 Qh4 12. Qf3 Bxf2+ 13. Qxf2 Qxe4+ 14. Qe3 Qxe3+ 15. dxe3 Ba6 16. b4 Nb7 17. Bb2 f6 18. Nd2 O-O 19. c4 Nd6 20. Rc1 f5 21. Bxe5 Rad8 22. O-O Nf7 23. Bd4 Nd6 24. Bxa7 Rd7 25. Bc5 Rf6 26. Rf4 Nb7 27. Bd4 Rg6 28. Rxf5 Nd8 29. Ra5 Bb7 30. Rc5 Ne6 31. Re5 Nxd4 32. exd4 Rxd4 33. Nf3 Rdg4 34. Re2 c5 35. Rf1 Rxc4 36. Ne5 Ba6 37. Nxc4 Bxc4 38. Re8+ Kh7 39. bxc5 Bxf1 40. Kxf1 Rf6+ 41. Kg1 Rc6 42. Re5 Ra6 43. Re3 Ra5 44. Rc3 Kg8 45. c6 Ra8 46. c7 Rc8 47. a4 Kf7 48. a5 Ke7 49. a6 Kd7 50. a7 Ra8 51. c8=Q+ Rxc8 52. Rxc8 Kxc8 53. a8=Q+ Kd7 54. Qa7+ Kd6 55. Qxg7 h5 56. Qh6+ Ke5 57. Qxh5+ 1-0

[Event "Junior Online 4NCL Division 4"]
[Site "online"]
[Date "2021.04.15"]
[EventDate "2021.04.15"]
[Round "7.13"]
[White "Eccleston, Rowan"]
[WhiteElo "1295"]
[WhiteTeam "Manchester Juniors D"]
[Black "Ford, Conor"]
[BlackElo "1381"]
[BlackTeam "Barnet Knights C"]
[Result "1-0"]
[PlyCount "79"]

1. f4 d5 2. Nf3 Nc6 3. e3 Nf6 4. Bb5 Bd7 5. O-O e6 6. b3 Bd6 7. Bb2 O-O 8. Qe1 a6 9. Bxc6 Bxc6 10. Qg3 Qe7 11. Ne5 Ne4 12. Nxc6 Nxg3 13. Nxe7+ Bxe7 14. hxg3 Rae8 15. d3 f6 16. Nd2 Bd6 17. Kf2 e5 18. Rh1 exf4 19. gxf4 g5 20. Rh6 Kg7 21. Rah1 Rh8 22. fxg5 Be5 23. gxf6+ Bxf6 24. Bxf6+ Kg8 25. Bxh8 Kxh8 26. Rxh7+ Kg8 27. Rh8+ Kf7 28. Rxe8 Kxe8 29. g4 c5 30. g5 Kf7 31. Rg1 b5 32. g6+ Kg7 33. Nf3 d4 34. exd4 cxd4 35. Nxd4 a5 36. Nf5+ Kg8 37. g7 a4 38. Nh6+ Kh7 39. g8=Q+ Kxh6 40. Qg6# 1-0

[Event "Junior Online 4NCL Division 4"]
[Site "online"]
[Date "2021.04.15"]
[EventDate "2021.04.15"]
[Round "7.14"]
[White "Bracken, Layla"]
[WhiteElo "1311"]
[WhiteTeam "Barnet Knights C"]
[Black "Burke, Alexander"]
[BlackElo "1133"]
[BlackTeam "Manchester Juniors D"]
[Result "0-1"]
[PlyCount "74"]

1. e4 e5 2. Nf3 Nc6 3. Nc3 Nf6 4. Bb5 d6 5. h3 Bd7 6. d3 h6 7. O-O Be7 8. Nh2 O-O 9. f4 exf4 10. Bxf4 Nd4 11. Bc4 Ne6 12. Bxe6 Bxe6 13. e5 dxe5 14. Bxe5 c6 15. Ng4 Nxg4 16. hxg4 f6 17. Bh2 Qd4+ 18. Kh1 Bxg4 19. Qe1 Bb4 20. Bg1 Qd7 21. Qe4 Bxc3 22. bxc3 Rfe8 23. Qc4+ Be6 24. Qf4 Bf7 25. Qg3 Re5 26. Rxf6 Rg5 27. Qh3 Qxh3+ 28. gxh3 gxf6 29. Be3 Rg3 30. Bd4 Rxh3+ 31. Kg2 Rh5 32. Bxf6 Re8 33. Rg1 Kh7 34. Kf3 Rf5+ 35. Kg4 Rxf6 36. Kh4 Re5 37. Rg4 Rf3 0-1

[Event "Junior Online 4NCL Division 4"]
[Site "online"]
[Date "2021.04.15"]
[EventDate "2021.04.15"]
[Round "7.15"]
[White "Gardner, Kai"]
[WhiteElo "1487"]
[WhiteTeam "Barnet Knights C"]
[Black "Eccleston, Bryony"]
[BlackElo "1332"]
[BlackTeam "Manchester Juniors D"]
[Result "1-0"]
[PlyCount "89"]

1. e4 d5 2. exd5 Nf6 3. d4 Bg4 4. Nf3 Nxd5 5. c4 Nf6 6. Be2 e6 7. h3 Bf5 8. Nc3 Bb4 9. Bd2 a6 10. a3 Ba5 11. O-O Nc6 12. b4 Bb6 13. Be3 Ba7 14. c5 Nd5 15. Qb3 Nxe3 16. fxe3 Qf6 17. Kh2 Bb8 18. Rad1 Qh6 19. e4 Qf4+ 20. g3 Qh6 21. exf5 exf5 22. Bc4 O-O 23. h4 Qg6 24. Ng5 h6 25. Nh3 Nd8 26. Bd3 c6 27. Rg1 Ne6 28. Bb1 Re8 29. Kh1 Qg4 30. Kh2 f4 31. gxf4 Bxf4+ 32. Nxf4 Qxf4+ 33. Kg2 Nxd4 34. Qb2 Qg4+ 35. Kf1 Qf3+ 36. Qf2 Qh3+ 37. Qg2 Qxg2+ 38. Rxg2 Re3 39. Ne4 Rxa3 40. Rxd4 Ra1 41. Rd1 Re8 42. Nf6+ Kf8 43. Nxe8 Kxe8 44. Re2+ Kf8 45. Rd8# 1-0

[Event "Junior Online 4NCL Division 4"]
[Site "online"]
[Date "2021.04.15"]
[EventDate "2021.04.15"]
[Round "7.16"]
[White "Fairclough, William"]
[WhiteElo "1343"]
[WhiteTeam "Manchester Juniors D"]
[Black "Zholnin, Ivan"]
[BlackElo "1420"]
[BlackTeam "Barnet Knights C"]
[Result "1-0"]
[PlyCount "43"]

1. e4 e5 2. Nf3 Nc6 3. Bc4 Bc5 4. b4 Bxb4 5. c3 Bc5 6. d4 exd4 7. cxd4 Bb4+ 8. Bd2 Bxd2+ 9. Qxd2 Nge7 10. Nc3 Na5 11. Bd3 b6 12. O-O O-O 13. e5 d6 14. Ng5 dxe5 15. dxe5 Kh8 16. Nxh7 Rg8 17. Nf6 Rf8 18. Qe3 Nf5 19. Bxf5 Bxf5 20. g4 Bg6 21. Qh3+ Bh7 22. Qxh7# 1-0

[Event "Junior Online 4NCL Division 4"]
[Site "online"]
[Date "2021.04.15"]
[EventDate "2021.04.15"]
[Round "7.17"]
[White "Ford, Conor"]
[WhiteElo "1381"]
[WhiteTeam "Barnet Knights C"]
[Black "Eccleston, Rowan"]
[BlackElo "1295"]
[BlackTeam "Manchester Juniors D"]
[Result "1-0"]
[PlyCount "67"]

1. d4 e6 2. e3 d5 3. Bd3 c5 4. c3 Nc6 5. Nd2 Qb6 6. f4 Nf6 7. Ngf3 Be7 8. O-O O-O 9. Ne5 Nxe5 10. fxe5 Nd7 11. Rf3 f6 12. Rg3 fxe5 13. dxe5 Nxe5 14. Bc2 d4 15. exd4 cxd4 16. cxd4 Qxd4+ 17. Kh1 Ng4 18. Qxg4 Qf6 19. Rf3 Qe5 20. Rxf8+ Bxf8 21. Nf3 Qe2 22. Bd2 e5 23. Qe4 Qf2 24. Qxh7+ Kf7 25. Ng5+ Ke7 26. Bb4+ Kd8 27. Qd3+ Bd7 28. Ne6+ Kc8 29. Nxf8 Bc6 30. Qf5+ Qxf5 31. Bxf5+ Kd8 32. Ne6+ Kd7 33. Rd1+ Kc8 34. Rd8# 1-0

[Event "Junior Online 4NCL Division 4"]
[Site "online"]
[Date "2021.04.15"]
[EventDate "2021.04.15"]
[Round "7.18"]
[White "Burke, Alexander"]
[WhiteElo "1133"]
[WhiteTeam "Manchester Juniors D"]
[Black "Bracken, Layla"]
[BlackElo "1311"]
[BlackTeam "Barnet Knights C"]
[Result "0-1"]
[PlyCount "104"]

1. e4 e5 2. Nf3 Nc6 3. Bc4 Bc5 4. d3 h6 5. Nc3 Nf6 6. h3 b6 7. Nd5 Nxd5 8. Bxd5 Bb7 9. Nxe5 Qf6 10. O-O Qxe5 11. Be3 Bxe3 12. fxe3 O-O 13. d4 Qg3 14. Rf3 Qg5 15. b4 Rab8 16. b5 Ne7 17. Bxb7 Rxb7 18. e5 c6 19. bxc6 Nxc6 20. d5 Nxe5 21. Rf4 Ng6 22. Rf3 Rbb8 23. Qd3 Ne5 24. Rf5 Nxd3 25. Rxg5 hxg5 26. cxd3 Rbc8 27. a4 Rc5 28. e4 f5 29. d6 fxe4 30. dxe4 Rc4 31. e5 Re4 32. a5 Rxe5 33. axb6 axb6 34. Rb1 Rb8 35. Rc1 Rd5 36. Rb1 Rxd6 37. Kh2 b5 38. Kg3 b4 39. Rb3 Rc6 40. Kg4 Rc3 41. Rb2 b3 42. Kh5 Rc2 43. Rxb3 Rxb3 44. g4 d5 45. Kxg5 d4 46. Kh4 d3 47. Kh5 d2 48. Kh4 d1=Q 49. Kh5 Qd5+ 50. Kh4 Qd8+ 51. Kh5 Rc5+ 52. Kg6 Rb6# 0-1

[Event "Junior Online 4NCL Division 4"]
[Site "online"]
[Date "2021.04.15"]
[EventDate "2021.04.15"]
[Round "7.21"]
[White "Qiu, Calvin"]
[WhiteElo "1073"]
[WhiteTeam "Muswell Hill Knights"]
[Black "Zhou, Richard"]
[BlackElo "1300"]
[BlackTeam "Edgware Gambits D"]
[Result "1-0"]
[PlyCount "68"]

1. e4 c5 2. Nf3 Nc6 3. c3 Nf6 4. Bd3 d5 5. exd5 Nxd5 6. O-O Bg4 7. h3 Bh5 8. Bc4 Ne5 9. Bxd5 Qxd5 10. Qa4+ Nc6 11. Qf4 Bxf3 12. Qxf3 Qxf3 13. gxf3 Ne5 14. Kg2 O-O-O 15. Re1 Nd3 16. Rd1 Nf4+ 17. Kf1 Nxh3 18. d4 e6 19. Be3 b6 20. Na3 h6 21. Nb5 a6 22. Na7+ Kb7 23. dxc5 Rxd1+ 24. Rxd1 Kxa7 25. Rd7+ Kb8 26. cxb6 Ng5 27. Bf4+ Kc8 28. b7+ Kxd7 29. b8=Q Nxf3 30. Qc7+ Ke8 31. Qc8+ Ke7 32. Qxa6 Kf6 33. Qd3 Ne5 34. Qd4 Bd6 1-0

[Event "Junior Online 4NCL Division 4"]
[Site "online"]
[Date "2021.04.15"]
[EventDate "2021.04.15"]
[Round "7.22"]
[White "Barbier-Ramaiah, Rohan Theo"]
[WhiteElo "1218"]
[WhiteTeam "Edgware Gambits D"]
[Black "Bedretdinov, Ruslan"]
[BlackElo "1120"]
[BlackTeam "Muswell Hill Knights"]
[Result "1-0"]
[PlyCount "47"]

1. d4 d5 2. c4 c6 3. Nc3 Nf6 4. Nf3 e6 5. Bg5 Be7 6. e3 O-O 7. Bd3 c5 8. dxc5 dxc4 9. Bxc4 Qxd1+ 10. Rxd1 Bxc5 11. Bxf6 gxf6 12. Ne4 Bb4+ 13. Nfd2 f5 14. Nf6+ Kh8 15. O-O Nc6 16. a3 Be7 17. Nh5 Rg8 18. Nf4 e5 19. Nd5 Bd6 20. Nf6 Rg7 21. Nh5 Rg5 22. Bxf7 f4 23. Ne4 Bf8 24. Nxg5 1-0

[Event "Junior Online 4NCL Division 4"]
[Site "online"]
[Date "2021.04.15"]
[EventDate "2021.04.15"]
[Round "7.23"]
[White "Sawyer, Charlie"]
[WhiteElo "941"]
[WhiteTeam "Muswell Hill Knights"]
[Black "Milani-Foglia, Aurelio"]
[BlackElo "1281"]
[BlackTeam "Edgware Gambits D"]
[Result "0-1"]
[PlyCount "78"]

1. e4 e6 2. Nf3 d5 3. Bd3 Nf6 4. Qe2 Bc5 5. b3 O-O 6. Nc3 Nc6 7. Bb2 Bd7 8. O-O-O Nb4 9. Rdg1 d4 10. Na4 Nxd3+ 11. Qxd3 Be7 12. g4 b5 13. g5 Ne8 14. Qxd4 bxa4 15. Qxg7+ Nxg7 16. h4 Nh5 17. g6 hxg6 18. Ne5 axb3 19. cxb3 Nf4 20. Nxg6 Ne2+ 21. Kd1 Nxg1 22. Nxe7+ Qxe7 23. Rxg1+ Kh7 24. Rg7+ Kh6 25. d3 Rg8 26. Bc1+ Kxg7 27. h5 Qh4 28. h6+ Qxh6 29. Bxh6+ Kxh6 30. f4 f5 31. exf5 exf5 32. Kd2 Rg4 33. Ke3 Re8+ 34. Kf3 Bc6+ 35. Kf2 Rxf4+ 36. Kg3 Rg4+ 37. Kf2 Rg2+ 38. Kf1 Rxa2 39. Kg1 Re1# 0-1

[Event "Junior Online 4NCL Division 4"]
[Site "online"]
[Date "2021.04.15"]
[EventDate "2021.04.15"]
[Round "7.24"]
[White "Srinivasan, Gowri"]
[WhiteElo "1281"]
[WhiteTeam "Edgware Gambits D"]
[Black "Gold, Jonah"]
[BlackElo "816"]
[BlackTeam "Muswell Hill Knights"]
[Result "1-0"]
[PlyCount "47"]

1. d4 d5 2. Nc3 Nf6 3. Nf3 Nc6 4. Bf4 Bg4 5. h3 Bxf3 6. exf3 Nh5 7. Bh2 g5 8. Bb5 a6 9. Bxc6+ bxc6 10. Qd2 h6 11. g4 Nf6 12. O-O-O Bg7 13. f4 gxf4 14. Bxf4 O-O 15. Bxh6 Bxh6 16. Qxh6 Re8 17. g5 Nh7 18. Rdg1 f5 19. gxf6+ Kf7 20. fxe7 Qxe7 21. Rg7+ Kf8 22. Rxh7+ Kg8 23. Rg1+ Qg7 24. Qxg7# 1-0

[Event "Junior Online 4NCL Division 4"]
[Site "online"]
[Date "2021.04.15"]
[EventDate "2021.04.15"]
[Round "7.25"]
[White "Zhou, Richard"]
[WhiteElo "1300"]
[WhiteTeam "Edgware Gambits D"]
[Black "Qiu, Calvin"]
[BlackElo "1073"]
[BlackTeam "Muswell Hill Knights"]
[Result "0-1"]
[PlyCount "42"]

1. d4 d5 2. c4 e6 3. Nc3 Nf6 4. Nf3 Bb4 5. e3 c5 6. a3 Bxc3+ 7. bxc3 cxd4 8. cxd4 Nc6 9. Bb2 Ne4 10. Bd3 Qa5+ 11. Nd2 dxc4 12. Bxc4 b5 13. Bd3 Nxd2 14. Qxd2 Qc7 15. Bxb5 Bb7 16. Rc1 a6 17. Ba4 O-O 18. O-O Qd6 19. Qe2 Qd5 20. Rfd1 Nxd4 21. Bxd4 Qxg2# 0-1

[Event "Junior Online 4NCL Division 4"]
[Site "online"]
[Date "2021.04.15"]
[EventDate "2021.04.15"]
[Round "7.26"]
[White "Bedretdinov, Ruslan"]
[WhiteElo "1120"]
[WhiteTeam "Muswell Hill Knights"]
[Black "Barbier-Ramaiah, Rohan Theo"]
[BlackElo "1218"]
[BlackTeam "Edgware Gambits D"]
[Result "0-1"]
[PlyCount "63"]

1. e4 e5 2. Nf3 Nc6 3. Nc3 Be7 4. d4 exd4 5. Nxd4 Bc5 6. Be3 Qf6 7. Nxc6 Bxe3 8. fxe3 Qxc6 9. Qd2 Nf6 10. Bd3 O-O 11. O-O-O d6 12. Rhf1 Bg4 13. Rde1 Be6 14. Kb1 d5 15. exd5 Nxd5 16. Nxd5 Bxd5 17. Qf2 a5 18. Qh4 g6 19. e4 Be6 20. Rf6 Kg7 21. g4 Bxa2+ 22. Kxa2 Qxf6 23. g5 Qe6+ 24. b3 a4 25. Kb2 Qe5+ 26. Kc1 Qa1+ 27. Kd2 Qe5 28. Qh6+ Kg8 29. h4 axb3 30. cxb3 Ra2+ 31. Ke3 Qg3+ 32. Kd4 0-1

[Event "Junior Online 4NCL Division 4"]
[Site "online"]
[Date "2021.04.15"]
[EventDate "2021.04.15"]
[Round "7.27"]
[White "Milani-Foglia, Aurelio"]
[WhiteElo "1281"]
[WhiteTeam "Edgware Gambits D"]
[Black "Sawyer, Charlie"]
[BlackElo "941"]
[BlackTeam "Muswell Hill Knights"]
[Result "0-1"]
[PlyCount "58"]

1. e4 e5 2. Nf3 Nc6 3. Bc4 h5 4. d3 g6 5. Be3 Bg7 6. Nc3 b6 7. Qd2 Bb7 8. O-O-O Qe7 9. Rhe1 O-O-O 10. Ng5 Nh6 11. Nd5 Qf8 12. Nc3 Re8 13. Nf3 Qd6 14. Bxh6 Bxh6 15. Ng5 f6 16. Nb5 Qe7 17. Bf7 Ref8 18. Kb1 Bxg5 19. Qc3 Rxf7 20. g3 a6 21. Na3 Bh6 22. Nc4 f5 23. exf5 gxf5 24. Nxe5 Nxe5 25. Rxe5 Qd6 26. Re7 Bg7 27. Qe1 Rxe7 28. Qd2 Qd4 29. Qg5 Qxb2# 0-1

[Event "Junior Online 4NCL Division 4"]
[Site "online"]
[Date "2021.04.15"]
[EventDate "2021.04.15"]
[Round "7.28"]
[White "Gold, Jonah"]
[WhiteElo "816"]
[WhiteTeam "Muswell Hill Knights"]
[Black "Srinivasan, Gowri"]
[BlackElo "1281"]
[BlackTeam "Edgware Gambits D"]
[Result "0-1"]
[PlyCount "30"]

1. e4 e5 2. Nf3 Nc6 3. Bc4 Nf6 4. d3 Bc5 5. Ng5 d5 6. exd5 Na5 7. Bb5+ c6 8. dxc6 bxc6 9. Ba4 O-O 10. Ne4 Nxe4 11. dxe4 Qh4 12. g3 Qxe4+ 13. Be3 Qxh1+ 14. Kd2 Rd8+ 15. Ke2 Qxd1# 0-1

[Event "Junior Online 4NCL Division 4"]
[Site "online"]
[Date "2021.04.15"]
[EventDate "2021.04.15"]
[Round "7.31"]
[White "Bhattacharya, Cali"]
[WhiteElo "1331"]
[WhiteTeam "Tetherdown Bishops"]
[Black "Kammin, Samuel"]
[BlackElo "1701"]
[BlackTeam "Farnham Fantasticos"]
[Result "1/2-1/2"]
[PlyCount "103"]

1. e4 c5 2. Bc4 e6 3. Nc3 a6 4. a4 Nc6 5. Nf3 Nge7 6. d4 cxd4 7. Nxd4 Qc7 8. Nxc6 Nxc6 9. Be3 Ne5 10. Bb3 Bb4 11. Bd4 O-O 12. O-O Nc4 13. Qg4 g6 14. Bf6 b6 15. Qg5 Re8 16. Qh6 Bf8 17. Qh4 Bb7 18. Rfe1 Bg7 19. e5 Rac8 20. Ne4 d5 21. Ng5 h6 22. Bxg7 Kxg7 23. Nf3 Qe7 24. Qxe7 Rxe7 25. Bxc4 Rxc4 26. Re2 Rec7 27. c3 Bc6 28. a5 bxa5 29. Rxa5 Bb5 30. Rd2 Re4 31. h3 g5 32. Nd4 Rxe5 33. Nxb5 axb5 34. Rxb5 Re1+ 35. Kh2 Rb1 36. g4 Kf6 37. Kg2 Ke5 38. Re2+ Kd6 39. f3 Ra7 40. Rb6+ Kc7 41. Rb4 Kc6 42. f4 Rc1 43. fxg5 hxg5 44. Rf2 Kd6 45. Rb6+ Ke7 46. Rc6 Kd7 47. Rb6 Kc7 48. Rb4 Kc6 49. Rb3 Kd6 50. Rb6+ Kc7 51. Rb4 Kd6 52. Rb6+ 1/2-1/2

[Event "Junior Online 4NCL Division 4"]
[Site "online"]
[Date "2021.04.15"]
[EventDate "2021.04.15"]
[Round "7.32"]
[White "Warnock, Oliver"]
[WhiteElo "1143"]
[WhiteTeam "Farnham Fantasticos"]
[Black "Bedretdinov, Rasul"]
[BlackElo "1037"]
[BlackTeam "Tetherdown Bishops"]
[Result "1-0"]
[PlyCount "61"]

1. d4 d5 2. c4 e6 3. Bf4 Nf6 4. e3 c5 5. Nf3 Nc6 6. Nc3 cxd4 7. exd4 Be7 8. Bd3 O-O 9. O-O h6 10. b3 Bd6 11. Bxd6 Qxd6 12. Re1 Re8 13. Bc2 Ng4 14. h3 Nf6 15. Ne5 Nb4 16. Nb5 Qb6 17. Qd2 a6 18. Qxb4 axb5 19. cxb5 Ra5 20. a4 Ra8 21. Bd3 Rd8 22. Rec1 Nd7 23. a5 Qa7 24. b6 Qb8 25. f4 Nxe5 26. fxe5 Rf8 27. Rc7 f6 28. Qd6 Kh8 29. exf6 Rxf6 30. Qd8+ Rf8 31. Qxf8# 1-0

[Event "Junior Online 4NCL Division 4"]
[Site "online"]
[Date "2021.04.15"]
[EventDate "2021.04.15"]
[Round "7.33"]
[White "Leustean, Maia"]
[WhiteElo "1059"]
[WhiteTeam "Tetherdown Bishops"]
[Black "Cwajna, Harrison"]
[BlackElo "983"]
[BlackTeam "Farnham Fantasticos"]
[Result "1-0"]
[PlyCount "73"]

1. c4 e5 2. Nc3 Nf6 3. g3 g6 4. Bg2 Nc6 5. Nf3 Bg7 6. O-O O-O 7. d3 d6 8. Bg5 h6 9. Bxf6 Qxf6 10. Nd5 Qd8 11. b4 e4 12. dxe4 Bxa1 13. Qxa1 Be6 14. Nf6+ Kh8 15. Nh5+ f6 16. Nf4 Bf7 17. Nd5 Ne5 18. Nxe5 dxe5 19. a4 Bxd5 20. exd5 Qd6 21. Qb1 a5 22. b5 b6 23. Qxg6 Qe7 24. Qxh6+ Qh7 25. Qc1 Rad8 26. c5 Rf7 27. d6 cxd6 28. cxb6 d5 29. Qc6 e4 30. b7 Rxb7 31. Qxf6+ Qg7 32. Qxd8+ Qg8 33. Qxa5 Qb8 34. Qc3+ Kg8 35. Qc6 Ra7 36. Qxd5+ Rf7 37. Bxe4 1-0

[Event "Junior Online 4NCL Division 4"]
[Site "online"]
[Date "2021.04.15"]
[EventDate "2021.04.15"]
[Round "7.34"]
[White "Lumsden, Emmanuel"]
[WhiteElo "1060"]
[WhiteTeam "Farnham Fantasticos"]
[Black "Kirk, Alex"]
[BlackElo "1078"]
[BlackTeam "Tetherdown Bishops"]
[Result "0-1"]
[PlyCount "46"]

1. e4 e5 2. Nf3 Nc6 3. Bc4 Bc5 4. b4 Bxb4 5. c3 Bc5 6. d4 exd4 7. cxd4 Bb4+ 8. Bd2 Bxd2+ 9. Qxd2 d6 10. Nc3 Bg4 11. Qf4 Nf6 12. e5 dxe5 13. dxe5 Qe7 14. O-O Bxf3 15. Qxf3 Nxe5 16. Qxb7 O-O 17. Bb3 Nd3 18. Nd5 Nxd5 19. Bxd5 Rfd8 20. Rad1 Nc5 21. Qb8 Raxb8 22. Rfe1 Qg5 23. Rd2 Qxd2 0-1

[Event "Junior Online 4NCL Division 4"]
[Site "online"]
[Date "2021.04.15"]
[EventDate "2021.04.15"]
[Round "7.35"]
[White "Kammin, Samuel"]
[WhiteElo "1701"]
[WhiteTeam "Farnham Fantasticos"]
[Black "Bhattacharya, Cali"]
[BlackElo "1331"]
[BlackTeam "Tetherdown Bishops"]
[Result "0-1"]
[PlyCount "76"]

1. d4 d5 2. Nf3 Bf5 3. c4 e6 4. g3 Nf6 5. Bg2 Bb4+ 6. Bd2 Nc6 7. a3 Bxd2+ 8. Nbxd2 dxc4 9. Nxc4 b5 10. Nce5 Nxe5 11. Nxe5 Rc8 12. Bc6+ Kf8 13. Bxb5 Qd5 14. Bc6 Qd6 15. O-O h5 16. h4 Ng4 17. Nd7+ Ke7 18. Ba4 g5 19. Qd2 gxh4 20. Qg5+ Ke8 21. Nb6+ Kf8 22. Nxc8 Qxd4 23. Qe7+ Kg7 24. Qxh4 Qxa4 25. Ne7 Qb5 26. Qg5+ Kf8 27. Nxf5 exf5 28. Rad1 f6 29. Qf4 Qb7 30. Rd8+ Kg7 31. Rd7+ Kg6 32. Rxc7 Qxb2 33. Rfc1 Qxe2 34. R7c6 Rd8 35. R1c2 Rd1+ 36. Kg2 Qf1+ 37. Kf3 Rd3+ 38. Qe3 Rxe3+ 0-1

[Event "Junior Online 4NCL Division 4"]
[Site "online"]
[Date "2021.04.15"]
[EventDate "2021.04.15"]
[Round "7.36"]
[White "Bedretdinov, Rasul"]
[WhiteElo "1037"]
[WhiteTeam "Tetherdown Bishops"]
[Black "Warnock, Oliver"]
[BlackElo "1143"]
[BlackTeam "Farnham Fantasticos"]
[Result "0-1"]
[PlyCount "142"]

1. e4 c5 2. Nf3 d6 3. d4 cxd4 4. Nxd4 Nf6 5. Nc3 a6 6. f3 e5 7. Nb3 Be7 8. Be3 Be6 9. Qd2 b5 10. a3 Bxb3 11. cxb3 O-O 12. a4 b4 13. Nd5 Nxd5 14. Qxd5 Nd7 15. Be2 Nb6 16. Qd2 a5 17. O-O f5 18. exf5 Rxf5 19. Bd3 Rf8 20. Rac1 d5 21. Qf2 d4 22. Bd2 Qd5 23. Qg3 Qxb3 24. Bh6 Rf7 25. Be4 Raf8 26. Rc6 Nxa4 27. Qxe5 gxh6 28. Bd5 Qe3+ 29. Qxe3 dxe3 30. Bxf7+ Rxf7 31. Rxh6 Nxb2 32. Re1 Bc5 33. Rc6 Rf5 34. g4 Rxf3 35. Rxc5 Nd3 36. Rc8+ Kg7 37. Rc7+ Kg6 38. Rc6+ Kg5 39. Re2 Kxg4 40. Rd6 Nf2 41. Rd4+ Rf4 42. Rxe3 Nh3+ 43. Rxh3 Rxd4 44. Rxh7 Rd1+ 45. Kf2 Rd2+ 46. Ke3 Rd5 47. Rg7+ Kf5 48. Ra7 b3 49. Rb7 a4 50. h4 Ra5 51. h5 Kg5 52. Kd3 a3 53. Rxb3 a2 54. Kc2 a1=Q 55. Rg3+ Kxh5 56. Rh3+ Kg6 57. Rg3+ Rg5 58. Rxg5+ Kxg5 59. Kb3 Qd4 60. Ka2 Kf4 61. Kb3 Ke3 62. Kc2 Ke4 63. Kb3 Kd3 64. Ka3 Qc4 65. Kb2 Kd4 66. Ka3 Kd3 67. Kb2 Qc3+ 68. Ka2 Kc4 69. Kb1 Qd2 70. Ka1 Kc3 71. Kb1 Qb2# 0-1

[Event "Junior Online 4NCL Division 4"]
[Site "online"]
[Date "2021.04.15"]
[EventDate "2021.04.15"]
[Round "7.37"]
[White "Cwajna, Harrison"]
[WhiteElo "983"]
[WhiteTeam "Farnham Fantasticos"]
[Black "Leustean, Maia"]
[BlackElo "1059"]
[BlackTeam "Tetherdown Bishops"]
[Result "0-1"]
[PlyCount "52"]

1. d4 d5 2. c4 dxc4 3. Nc3 c5 4. e4 cxd4 5. Nb5 Nf6 6. Bxc4 Nc6 7. Bg5 a6 8. Na3 e5 9. Qd3 Nb4 10. Qg3 Nxe4 11. Bxd8 Nxg3 12. fxg3 Kxd8 13. Nf3 e4 14. Nxd4 Bc5 15. O-O-O Ke7 16. Rhe1 Re8 17. Rxe4+ Kf8 18. Rxe8+ Kxe8 19. Re1+ Kf8 20. b3 Bxd4 21. Rd1 Nxa2+ 22. Kc2 Bf5+ 23. Bd3 Nb4+ 24. Kd2 Nxd3 25. Ke2 Re8+ 26. Kf3 Re3# 0-1